000 00824cam a2200253M 4500
001 41307
005 20230410132914.0
008 740909s1971 ve 000 0 spa d
035 _a(OCoLC)ocm38638045
040 _aSTF
_cSTF
_dOCL
_dOCLCQ
035 _a(OCoLC)38638045
050 1 4 _aB BF 109
_bR347C 1971
049 _aGRAL
100 1 _aCattier, Michel.
245 1 0 _aVida y obra de Wilhelm Reich;
_bensayo /
_cMichel; Traducción de Mariela Alvarez.
260 _aCaracas :
_bEditorial Tiempo Nuevo,
_c[1971]
300 _a184 p.
_c19 cm.
490 0 _aColeccion Fuegos cruzados
500 _aTranslation of La vie et l'oeuvre du docteur Wilhelm Reich.
504 _a"Bibliografia sumaria de las obras de Reich.": p. 183-184.
600 1 0 _aReich, Wilhelm,
_d1897-1957.
942 _2lcc
_cbk
994 _aC0
_bDRFGD
999 _c89913
_d89913